| 000 | 00930cam a22002654a 4500 | ||
|---|---|---|---|
| 999 |
_c234550 _d234550 |
||
| 001 | 15780802 | ||
| 003 | Nust | ||
| 005 | 20170322164738.0 | ||
| 008 | 090618s2009 nyu 000 1 eng | ||
| 010 | _a 2009024801 | ||
| 020 | _a9780751544404 | ||
| 040 |
_aDLC _cDLC |
||
| 050 | 0 | 0 |
_aPS3569.P363 _bL37 2009 |
| 082 | 0 | 0 |
_a813.54 _bSPA |
| 100 | 1 | _aSparks, Nicholas. | |
| 245 | 1 | 4 |
_aThe last song / _cNicholas Sparks. |
| 250 | _a1st ed. | ||
| 260 |
_aNew York : _bGrand Central Pub., _c2009. |
||
| 300 |
_aviii, 390 p. ; _c22 cm. |
||
| 650 | 0 |
_aTeenage girls _vFiction. |
|
| 655 | 7 |
_aBildungsromans. _2gsafd |
|
| 655 | 7 |
_aLove stories. _2gsafd |
|
| 906 |
_a7 _bcbc _corignew _d1 _eecip _f20 _gy-gencatlg |
||
| 942 |
_2ddc _cBK |
||